| 000 | 00590cam a2200157 4500500 | ||
|---|---|---|---|
| 005 | 20251012021042.0 | ||
| 041 | _afre | ||
| 042 | _adc | ||
| 100 | 1 | 0 |
_aDavid, Louis _eauthor |
| 700 | 1 | 0 |
_a Willems Federici, David _eauthor |
| 245 | 0 | 0 | _aSuivi d’un adolescent en centre éducatif fermé : la mise en scène du pubertaire dans son processus de changement par la délinquance |
| 260 | _c2025. | ||
| 500 | _a91 | ||
| 786 | 0 | _nCliniques | 28 | 2 | 2025-05-05 | p. 112-125 | 2115-8177 | |
| 856 | 4 | 1 | _uhttps://shs.cairn.info/revue-cliniques-2024-2-page-112?lang=fr&redirect-ssocas=7080 |
| 999 |
_c1537933 _d1537932 |
||